| 000 | 00474pab a2200169 454500 | ||
|---|---|---|---|
| 008 | 180718b2011 xxu||||| |||| 00| 0 eng d | ||
| 100 | _aSangita, S.N. | ||
| 245 | _aGovernance of self-regulatory authorities in India: Autonomy, inclusiveness and accountability | ||
| 260 | _c2011 | ||
| 300 | _ap.97-118. | ||
| 362 | _aApr-Jun | ||
| 650 | _aAccountability | ||
| 650 | _aPublic administration | ||
| 773 | _aSocial Science in Perspective | ||
| 908 | _aN | ||
| 909 | _a93718 | ||
| 999 |
_c93718 _d93718 |
||